00686nam a2200229 a 4500001001300000003000900013005001700022008004100039020002300080082001700103100002900120245003300149260004700182300000900229500003500238505002400273650000900297902000800306942000700314952011800321999001700439nice12345678IN_TiNIC20260116014548.0050524s1998 boua grp 000 0 eng  a1891540 c25000a133.423bASH aAl-Ashqar, Umar Sulaiman aWorld of the Jinn and Devils aBoulder bAl-Basheer Company for Pubc1998 a255p aincludes index and biblioraphy2 aSelect Bibliography aJinn bSRS cBK 001040708StackRoom-aHMIbHMId2007-03-15g250.00l0o133.423 ASHp020143r2007-03-15v250.00w2005-05-24yBK c15983d15983